E05_【平成・令和の男性】生まれ年別名前TOP10 - Statistics

General Stats
  • This quiz has been taken 13 times
  • The average score is 212 of 392
Answer Stats
西暦 和暦 順位 名前 % Correct
1989 昭和64・平成元 1 翔太
100%
1989 昭和64・平成元 4
100%
1990 平成2 1 翔太
100%
1991 平成3 1 翔太
100%
1991 平成3 4
100%
1992 平成4 3 翔太
100%
1992 平成4 4
100%
1993 平成5 1 翔太
100%
1993 平成5 9
100%
1994 平成6 2 翔太
100%
1994 平成6 5
100%
1995 平成7 3 翔太
100%
1995 平成7 7
100%
1996 平成8 1 翔太
100%
1996 平成8 9
100%
1997 平成9 1 翔太
100%
1997 平成9 2
100%
1998 平成10 3
100%
1998 平成10 4 翔太
100%
1999 平成11 4
100%
1999 平成11 8 翔太
100%
2000 平成12 1
100%
2000 平成12 2 翔太
100%
2001 平成13 2
100%
2001 平成13 9 翔太
100%
2002 平成14 2
100%
2002 平成14 5 翔太
100%
2003 平成15 2
100%
2003 平成15 3 翔太
100%
2004 平成16 3 翔太
100%
2004 平成16 7
100%
2005 平成17 1
100%
2005 平成17 4 翔太
100%
2006 平成18 7 翔太
100%
2007 平成19 4 翔太
100%
2007 平成19 10
100%
2008 平成20 4 翔太
100%
2008 平成20 7
100%
2009 平成21 2
100%
2010 平成22 3
100%
2012 平成24 5 翔太
100%
2013 平成25 8
100%
2016 平成28 7
100%
1989 昭和64・平成元 7 翔平
89%
1990 平成2 9 翔平
89%
1991 平成3 6 翔平
89%
1998 平成10 2 海斗
89%
1999 平成11 3 海斗
89%
2000 平成12 6 海斗
89%
2001 平成13 3 海斗
89%
2002 平成14 7 海斗
89%
2002 平成14 10
89%
2003 平成15 10 海斗
89%
2005 平成17 7 海斗
89%
2006 平成18 8 海斗
89%
1989 昭和64・平成元 6 雄太
78%
1989 昭和64・平成元 9
78%
1990 平成2 5
78%
1990 平成2 7 雄太
78%
1991 平成3 10 雄太
78%
1998 平成10 10
78%
2000 平成12 4 優斗
78%
2000 平成12 10
78%
2003 平成15 3 大翔
78%
2003 平成15 5
78%
2004 平成16 5 大翔
78%
2004 平成16 7 優斗
78%
2005 平成17 1 大翔
78%
2006 平成18 2 大翔
78%
2007 平成19 1 大翔
78%
2007 平成19 7 優斗
78%
2008 平成20 1 大翔
78%
2009 平成21 1 大翔
78%
2010 平成22 1 大翔
78%
2010 平成22 6 優斗
78%
2011 平成23 1 大翔
78%
2012 平成24 3 大翔
78%
2013 平成25 4 大翔
78%
2014 平成26 2 大翔
78%
2015 平成27 1 大翔
78%
2016 平成28 1 大翔
78%
2017 平成29 5
78%
2018 平成30 3 大翔
78%
2018 平成30 10
78%
2019 平成31・令和元 4
78%
2019 平成31・令和元 8 大翔
78%
2020 令和2 1
78%
2020 令和2 10 大翔
78%
2021 令和3 3
78%
2022 令和4 1
78%
2023 令和5 5
78%
1989 昭和64・平成元 3 健太
67%
1990 平成2 3 健太
67%
1990 平成2 10 大輔
67%
1991 平成3 3 健太
67%
1991 平成3 7 大輔
67%
1992 平成4 2 健太
67%
1992 平成4 9 大輔
67%
1993 平成5 3 健太
67%
1993 平成5 7 大輔
67%
1994 平成6 1 健太
67%
1994 平成6 7 大輔
67%
1995 平成7 2 健太
67%
1995 平成7 10 雄大
67%
1996 平成8 2 健太
67%
1996 平成8 10 雄大
67%
1997 平成9 3 健太
67%
1999 平成11 4 大輔
67%
1999 平成11 9 健太
67%
2000 平成12 10 健太
67%
2001 平成13 7 健太
67%
2001 平成13 9 優太
67%
2002 平成14 8 健太
67%
2005 平成17 7
67%
2006 平成18 8 優太
67%
2007 平成19 7 優太
67%
2007 平成19 10 健太
67%
2008 平成20 7 悠太
67%
2016 平成28 9
67%
2022 令和4 4
67%
2023 令和5 1
67%
2024 令和6 6
67%
2025 令和7 6
67%
1989 昭和64・平成元 2 拓也
56%
1989 昭和64・平成元 5 達也
56%
1990 平成2 2 拓也
56%
1990 平成2 6 駿
56%
1990 平成2 8 達也
56%
1991 平成3 2 拓也
56%
1991 平成3 9 達也
56%
1992 平成4 1 拓也
56%
1992 平成4 8 達也
56%
1993 平成5 2 拓也
56%
1993 平成5 8 大地
56%
1993 平成5 10 達也
56%
1994 平成6 3 拓也
56%
1995 平成7 1 拓也
56%
1996 平成8 7 達也
56%
1997 平成9 5
56%
1997 平成9 7 大地
56%
1997 平成9 9 駿
56%
1998 平成10 5 大地
56%
1998 平成10 9 涼太
56%
1998 平成10 10 智也
56%
1999 平成11 4
56%
1999 平成11 9
56%
2000 平成12 8
56%
2000 平成12 8
56%
2001 平成13 4
56%
2001 平成13 5
56%
2002 平成14 1 駿
56%
2002 平成14 4
56%
2003 平成15 6 太陽
56%
2003 平成15 8
56%
2004 平成16 1
56%
2004 平成16 7
56%
2005 平成17 9 太陽
56%
2006 平成18 1
56%
2006 平成18 3
56%
2007 平成19 2
56%
2007 平成19 5
56%
2008 平成20 3 陽向
56%
2008 平成20 5 悠人
56%
2008 平成20 9
56%
2008 平成20 10 駿
56%
2008 平成20 10
56%
2009 平成21 5
56%
2011 平成23 1
56%
2012 平成24 1
56%
2012 平成24 5 悠人
56%
2013 平成25 3
56%
2013 平成25 8 陽向
56%
2013 平成25 10 悠人
56%
2014 平成26 1
56%
2014 平成26 3 陽向
56%
2014 平成26 6 悠人
56%
2014 平成26 6
56%
2014 平成26 6 駿
56%
2015 平成27 3
56%
2015 平成27 9 陽向
56%
2015 平成27 9 悠翔
56%
2016 平成28 2
56%
2016 平成28 9
56%
2017 平成29 1 悠人
56%
2017 平成29 5
56%
2017 平成29 7
56%
2018 平成30 1
56%
2018 平成30 10 悠人
56%
2019 平成31・令和元 1
56%
2019 平成31・令和元 2
56%
2020 令和2 2
56%
2020 令和2 8
56%
2021 令和3 1
56%
2021 令和3 10 陽向
56%
2022 令和4 3
56%
2023 令和5 7
56%
2024 令和6 5 陽向
56%
2024 令和6 6
56%
2025 令和7 5
56%
2025 令和7 8 陽向
56%
1989 昭和64・平成元 8 大樹
44%
1990 平成2 4 大樹
44%
1991 平成3 5 大樹
44%
1992 平成4 5 大樹
44%
1992 平成4 10 和也
44%
1993 平成5 4 大樹
44%
1993 平成5 5 大輝
44%
1994 平成6 6 大樹
44%
1994 平成6 8 亮太
44%
1994 平成6 9 大輝
44%
1995 平成7 5 大樹
44%
1995 平成7 8 亮太
44%
1995 平成7 9 拓哉
44%
1996 平成8 3 大輝
44%
1996 平成8 5 大樹
44%
1996 平成8 10 亮太
44%
1997 平成9 4 大輝
44%
1997 平成9 8 大樹
44%
1998 平成10 1 大輝
44%
1998 平成10 5 大樹
44%
1998 平成10 8 一輝
44%
1999 平成11 1 大輝
44%
1999 平成11 7 大樹
44%
2000 平成12 3 大輝
44%
2000 平成12 7 竜也
44%
2000 平成12 10 一輝
44%
2001 平成13 1 大輝
44%
2002 平成14 9 大輝
44%
2002 平成14 10 大樹
44%
2003 平成15 1 大輝
44%
2003 平成15 9 悠斗
44%
2004 平成16 6
44%
2005 平成17 9 大和
44%
2006 平成18 3 大輝
44%
2006 平成18 6 悠斗
44%
2006 平成18 8
44%
2006 平成18 8 陽斗
44%
2007 平成19 3 大輝
44%
2007 平成19 5 悠斗
44%
2007 平成19 9 大和
44%
2007 平成19 10 悠希
44%
2008 平成20 2 悠斗
44%
2009 平成21 3 大和
44%
2009 平成21 6 悠真
44%
2009 平成21 6 陽斗
44%
2009 平成21 8 悠斗
44%
2010 平成22 2 悠真
44%
2010 平成22 9
44%
2011 平成23 4
44%
2011 平成23 4 大和
44%
2012 平成24 4 大和
44%
2012 平成24 5 大輝
44%
2013 平成25 1 悠真
44%
2013 平成25 6 大和
44%
2013 平成25 10 大輝
44%
2014 平成26 4 陽太
44%
2014 平成26 5 悠真
44%
2015 平成27 2 悠真
44%
2015 平成27 3 陽太
44%
2015 平成27 6
44%
2015 平成27 9 大和
44%
2016 平成28 3 悠真
44%
2016 平成28 6
44%
2016 平成28 8 陽太
44%
2017 平成29 1 悠真
44%
2017 平成29 9 陽太
44%
2017 平成29 9 大和
44%
2018 平成30 4 大和
44%
2018 平成30 6 悠真
44%
2018 平成30 7
44%
2018 平成30 8 陽太
44%
2019 平成31・令和元 4
44%
2019 平成31・令和元 7
44%
2019 平成31・令和元 8 悠真
44%
2020 令和2 2
44%
2020 令和2 5
44%
2020 令和2 9 大和
44%
2021 令和3 5
44%
2021 令和3 7 大和
44%
2021 令和3 7 悠真
44%
2022 令和4 8
44%
2022 令和4 9 大和
44%
2022 令和4 9 悠真
44%
2023 令和5 4
44%
2024 令和6 6
44%
2024 令和6 10
44%
1992 平成4 6 大貴
33%
1993 平成5 5
33%
1994 平成6 4
33%
1994 平成6 10 大貴
33%
1995 平成7 4
33%
1995 平成7 6 大貴
33%
1996 平成8 4
33%
1996 平成8 6 拓海
33%
1996 平成8 7 直人
33%
1997 平成9 6 拓海
33%
1997 平成9 9
33%
1998 平成10 5 拓海
33%
1999 平成11 2 拓海
33%
2000 平成12 4 拓海
33%
2001 平成13 5
33%
2001 平成13 7 拓海
33%
2002 平成14 2 拓海
33%
2003 平成15 6 拓海
33%
2003 平成15 10
33%
2004 平成16 3 拓海
33%
2004 平成16 10
33%
2005 平成17 3 拓海
33%
2005 平成17 6
33%
2006 平成18 5
33%
2010 平成22 9 大雅
33%
2011 平成23 4 陽翔
33%
2011 平成23 9 海翔
33%
2011 平成23 10
33%
2012 平成24 5
33%
2013 平成25 2 陽翔
33%
2013 平成25 4
33%
2014 平成26 6
33%
2015 平成27 5
33%
2015 平成27 6 陽翔
33%
2016 平成28 4 陽翔
33%
2016 平成28 9
33%
2017 平成29 1 陽翔
33%
2017 平成29 4
33%
2017 平成29 8 陽大
33%
2018 平成30 2
33%
2018 平成30 5 陽翔
33%
2019 平成31・令和元 2 陽翔
33%
2019 平成31・令和元 4
33%
2020 令和2 4 陽翔
33%
2020 令和2 7
33%
2021 令和3 2 陽翔
33%
2021 令和3 3
33%
2022 令和4 4 陽翔
33%
2022 令和4 4
33%
2022 令和4 9
33%
2023 令和5 2 陽翔
33%
2023 令和5 2
33%
2023 令和5 8
33%
2024 令和6 1 陽翔
33%
2024 令和6 4
33%
2024 令和6 10 陽大
33%
2025 令和7 1
33%
2025 令和7 6
33%
2025 令和7 8 陽翔
33%
2025 令和7 8
33%
1989 昭和64・平成元 10 健太郎
22%
1991 平成3 8 直樹
22%
1992 平成4 7 貴大
22%
1993 平成5 10 直樹
22%
2002 平成14 5 颯太
22%
2004 平成16 2 颯太
22%
2005 平成17 5 颯太
22%
2008 平成20 5 颯太
22%
2009 平成21 3 瑛太
22%
2009 平成21 9 颯太
22%
2010 平成22 4 颯太
22%
2010 平成22 4 歩夢
22%
2010 平成22 6 蒼空
22%
2011 平成23 3 颯太
22%
2011 平成23 10 蒼空
22%
2012 平成24 2 颯太
22%
2012 平成24 9 蒼空
22%
2012 平成24 9 龍生
22%
2013 平成25 7 颯太
22%
2013 平成25 10 蒼空
22%
2015 平成27 6 颯太
22%
2025 令和7 4 琉生
22%
1996 平成8 10 康平
11%
2009 平成21 9 颯真
11%
2010 平成22 6 颯真
11%
2011 平成23 7 陸斗
11%
2011 平成23 7 太一
11%
2014 平成26 10 朝陽
11%
2015 平成27 9 結翔
11%
2016 平成28 5 朝陽
11%
2018 平成30 8 朝陽
11%
2019 平成31・令和元 10 朝陽
11%
2020 令和2 6 朝陽
11%
2021 令和3 6 朝陽
11%
2021 令和3 9 颯真
11%
2022 令和4 1
11%
2022 令和4 4 颯真
11%
2023 令和5 6 颯真
11%
2023 令和5 8
11%
2023 令和5 8 湊斗
11%
2024 令和6 2
11%
2024 令和6 3 朝陽
11%
2024 令和6 9 颯真
11%
2024 令和6 10 湊斗
11%
2025 令和7 2 伊織
11%
2025 令和7 2 結翔
11%
No matching quizzes found
Score Distribution
Percent of People with Each Score
Percentile by Number Answered
Your Score History
You have not taken this quiz